000 00674nam a2200217 i 4500
001 000041120
003 DO-SdBNP
005 20240123092056.0
007 ta
008 130918s1981 xx b 000 0 eng d
040 _aDO-SdBNP
_beng
_cBNPHU
_erda
082 4 _222
245 0 0 _aDominican Republic :
_binvestors handbook and business guide.
_ccomposición y diagramación Ninón L. de Saleme
264 _aSanto Domingo :
_bAmigo del Hogar,
_c1981.
300 _a242 páginas :
_bmapa ;
_c23 cm.
336 _2rdacontent
_atexto
_btxt
337 _2rdamedia
_asin mediación
_bn
338 _2rdacarrier
_avolumen
_bnc
590 _aInventariado, 2024/BT
942 _2ddc
_cLBS1
999 _c40610
_d40610